000 004910000a22001570004500
041 0 _aSPA
082 0 4 _aG 268.432 S3368n
245 1 0 _aLos niños y el reino : Guía para la educación cristiana / Daniel S. Schipani, Editor
260 _aBogotá, Colombia : Curriculo Anabautista de Educación Bíblica Congregacional
300 _a135 Pag
001 7988
942 _cBK
999 _c38187
_d38187
336 _atexto
_btxt
_2rdacontent
337 _2rdamedia
_asin mediación
_bn
338 _2rdacarrier
_avolumen
_bnc